Largest Cities in New England - Statistics

General Stats
  • This quiz has been taken 31 times
  • The average score is 6 of 10
Answer Stats
Population Answer % Correct
685,094 Boston
100%
124,775 Hartford
84%
178,042 Providence
84%
144,229 Bridgeport
56%
109,565 Manchester
56%
153,060 Springfield
56%
129,779 New Haven
52%
181,045 Worcester
52%
125,109 Stamford
44%
110,336 Waterbury
20%
No matching quizzes found
Score Distribution
Percent of People with Each Score
Percentile by Number Answered
Your Score History
You have not taken this quiz